Moderná organizácia výrobných podnikov námety k diskusii
Salvato in:
| Natura: | Libro |
|---|---|
| Lingua: | slovacco |
| Pubblicazione: |
[S.l.]
Slovenská odborová rada, technický zbor
1948
|
| Tags: |
Nessun Tag, puoi essere il primo ad aggiungerne!!
|
MARC
| LEADER | 00000nam a2200000 4500 | ||
|---|---|---|---|
| 001 | 0267654 | ||
| 005 | 20240822101709.4 | ||
| 041 | 0 | |a slo | |
| 044 | |a SK | ||
| 245 | 1 | 0 | |a Moderná organizácia výrobných podnikov |b námety k diskusii |
| 264 | 1 | |a [S.l.] |b Slovenská odborová rada, technický zbor |c 1948 | |